[Event "DVM U20 2019"]
[Site "Braunschweig"]
[Date "2019.12.27"]
[Round "2"]
[White "Meyling, Lennart"]
[Black "Röhr, Tobias"]
[Result "1-0"]
[WhiteElo "1955"]
[BlackElo "2103"]
[Annotator "NA"]
[PlyCount "173"]
[EventDate "2019.12.27"]
[EventType "team-tourn"]
[EventRounds "7"]
[EventCountry "GER"]
[SourceTitle "playchess.com"]
[Source "ChessBase"]
[SourceQuality "1"]
[WhiteTeam "Hamburger SK"]
[BlackTeam "SG Aufbau Elbe Magdeburg"]
[TimeControl "40/5400+30:1800+30"]

1. d4 {[%emt 0:00:00]} Nf6 {[%emt 0:00:00]} 2. Nc3 {[%emt 0:00:00]} d5 {[%emt 0:00:00]} 3. Bf4 {[%emt 0:00:00]} c5 {[%emt 0:00:51]} 4. e3 {[%emt 0:00:06]} cxd4 {[%emt 0:01:40]} 5. exd4 {[%emt 0:00:11]} a6 {[%emt 0:00:18]} 6. Nf3 {[%emt 0:00:41]} Bg4 {[%emt 0:01:40]} 7. Be2 {[%emt 0:00:20]} Nc6 {[%emt 0:01:27]} 8. O-O {[%emt 0:01:11]} e6 {[%emt 0:01:27]} 9. h3 {[%emt 0:02:27]} Bh5 {[%emt 0:03:24]} 10. Ne5 {[%emt 0:00:14]} Bxe2 {[%emt 0:01:03]} 11. Nxe2 {[%emt 0:01:16]} Bd6 {[%emt 0:01:38]} 12. Nxc6 {[%emt 0:02:06]} bxc6 {[%emt 0:00:07]} 13. Bxd6 {[%emt 0:00:08]} Qxd6 {[%emt 0:00:05]} 14. Qd3 {[%emt 0:01:29]} O-O {[%emt 0:02:29]} 15. c4 {[%emt 0:01:23]} e5 {[%emt 0:04:50]} 16. dxe5 {[%emt 0:00:41]} Qxe5 {[%emt 0:00:19]} 17. cxd5 {[%emt 0:00:28]} Rfd8 {[%emt 0:05:15]} 18. b3 {[%emt 0:04:46]} Nxd5 {[%emt 0:05:06]} 19. Ng3 {[%emt 0:01:15]} g6 {[%emt 0:04:56]} 20. Rfe1 {[%emt 0:01:13]} Qf4 {[%emt 0:04:33]} 21. Re4 {[%emt 0:01:47]} Qf6 {[%emt 0:04:07]} 22. Rc1 {[%emt 0:01:40]} Nb4 {[%emt 0:10:18]} 23. Qc4 {[%emt 0:01:57]} Nd3 {[%emt 0:12:30]} 24. Rc2 {[%emt 0:00:59]} Rd6 {[%emt 0:05:19]} 25. Re3 {[%emt 0:05:26]} Rad8 {[%emt 0:05:25]} 26. Ne4 {[%emt 0:17:42]} Qa1+ {[%emt 0:00:33]} 27. Kh2 {[%emt 0:00:06]} Qe5+ {[%emt 0:06:21]} 28. g3 {[%emt 0:02:24]} Rd4 {[%emt 0:09:34]} 29. Qxc6 {[%emt 0:00:44]} Qf5 {[%emt 0:01:27]} 30. Nf6+ {[%emt 0:04:27]} Kg7 {[%emt 0:00:46]} 31. Rf3 {[%emt 0:04:12]} Ne5 {[%emt 0:03:14]} 32. Rxf5 {[%emt 0:01:31]} Nxc6 {[%emt 0:00:03]} 33. Nh5+ {[%emt 0:09:14]} Kf8 {[%emt 0:01:24]} 34. Rf4 {[%emt 0:02:09]} Ne5 {[%emt 0:02:22]} 35. Re2 {[%emt 0:10:18]} Nc6 {[%emt 0:00:22]} 36. Nf6 {[%emt 0:00:47]} Rxf4 {[%emt 0:01:42]} 37. gxf4 {[%emt 0:00:07]} Nd4 {[%emt 0:00:22]} 38. Re4 {[%emt 0:02:08]} h5 {[%emt 0:00:47]} 39. Nh7+ {[%emt 0:00:31]} Kg7 {[%emt 0:00:06]} 40. Ng5 {[%emt 0:00:27]} Nf5 {[%emt 0:00:51]} 41. Rc4 {[%emt 0:33:56]} Rd2 {[%emt 0:30:54]} 42. Ra4 {[%emt 0:01:37]} Rxf2+ {[%emt 0:00:00]} 43. Kg1 {[%emt 0:00:00]} Rb2 {[%emt 0:00:00]} 44. Rxa6 {[%emt 0:00:00]} Nd4 {[%emt 0:00:00]} 45. Ra7 {[%emt 0:00:00]} Kg8 {[%emt 0:00:00]} 46. Kf1 {[%emt 0:00:00]} Ne2 {[%emt 0:00:00]} 47. Ra8+ {[%emt 0:00:00]} Kg7 {[%emt 0:00:00]} 48. Ra7 {[%emt 0:00:00]} Kg8 {[%emt 0:00:00]} 49. f5 {[%emt 0:00:00]} Ng3+ {[%emt 0:00:00]} 50. Kg1 {[%emt 0:00:00]} Nxf5 {[%emt 0:00:00]} 51. Nxf7 {[%emt 0:00:00]} Nh4 {[%emt 0:00:00]} 52. Ne5 {[%emt 0:00:00]} Rg2+ {[%emt 0:00:00]} 53. Kf1 {[%emt 0:00:00]} Rg3 {[%emt 0:02:29]} 54. b4 {[%emt 0:00:00]} Rxh3 {[%emt 0:01:30]} 55. b5 {[%emt 0:00:00]} Rh1+ {[%emt 0:00:17]} 56. Kf2 {[%emt 0:00:00]} Rb1 {[%emt 0:00:20]} 57. a4 {[%emt 0:00:00]} Rb2+ {[%emt 0:01:11]} 58. Ke3 {[%emt 0:00:00]} Nf5+ {[%emt 0:00:39]} 59. Kf4 {[%emt 0:00:00]} h4 {[%emt 0:00:50]} 60. Nxg6 {[%emt 0:00:00]} h3 {[%emt 0:02:16]} 61. Kxf5 {[%emt 0:00:00]} Rf2+ {[%emt 0:00:23]} 62. Kg5 {[%emt 0:00:00]} h2 {[%emt 0:00:31]} 63. Ra8+ {[%emt 0:00:00]} Kg7 {[%emt 0:00:15]} 64. Rh8 {[%emt 0:00:00]} Ra2 {[%emt 0:00:41]} 65. Rh3 {[%emt 0:00:17]} Rxa4 {[%emt 0:00:41]} 66. Nf4 {[%emt 0:02:29]} Rb4 {[%emt 0:00:39]} 67. Ne6+ {[%emt 0:00:10]} Kf7 {[%emt 0:00:30]} 68. Nc7 {[%emt 0:00:08]} Rb2 {[%emt 0:00:26]} 69. Rh7+ {[%emt 0:03:10]} Kf8 {[%emt 0:00:10]} 70. Kg4 {[%emt 0:01:38]} Kg8 {[%emt 0:00:06]} 71. Rh3 {[%emt 0:00:45]} Kf7 {[%emt 0:00:38]} 72. Kg3 {[%emt 0:00:09]} Ke7 {[%emt 0:00:22]} 73. Rxh2 {[%emt 0:00:13]} Rb3+ {[%emt 0:00:11]} 74. Kf4 {[%emt 0:00:15]} Kd6 {[%emt 0:00:37]} 75. Rc2 {[%emt 0:00:33]} Kd7 {[%emt 0:00:24]} 76. Ke5 {[%emt 0:00:49]} Kc8 {[%emt 0:00:29]} 77. Nd5+ {[%emt 0:00:15]} Kb7 {[%emt 0:00:13]} 78. b6 {[%emt 0:00:25]} Kb8 {[%emt 0:00:33]} 79. Kd6 {[%emt 0:00:28]} Rh3 {[%emt 0:00:06]} 80. Rf2 {[%emt 0:00:32]} Rh6+ {[%emt 0:00:16]} 81. Rf6 {[%emt 0:00:22]} Rh8 {[%emt 0:00:05]} 82. Kc6 {[%emt 0:00:25]} Rg8 {[%emt 0:00:46]} 83. Nc7 {[%emt 0:00:19]} Rc8 {[%emt 0:00:10]} 84. Re6 {[%emt 0:00:13]} Rh8 {[%emt 0:00:12]} 85. Na6+ {[%emt 0:00:14]} Ka8 {[%emt 0:00:06]} 86. b7+ {[%emt 0:00:07]} Ka7 {[%emt 0:00:11]} 87. b8=Q+ {[%emt 0:00:06] normal} 1-0

[Event "DVM U20 2019"]
[Site "Braunschweig"]
[Date "2019.12.27"]
[Round "2"]
[White "Weisheit, Erik"]
[Black "Kartsev, Nikolay"]
[Result "1/2-1/2"]
[WhiteElo "1944"]
[BlackElo "2092"]
[Annotator "NA"]
[PlyCount "88"]
[EventDate "2019.12.27"]
[EventType "team-tourn"]
[EventRounds "7"]
[EventCountry "GER"]
[SourceTitle "playchess.com"]
[Source "ChessBase"]
[SourceQuality "1"]
[WhiteTeam "SF Augsburg"]
[BlackTeam "SF Brackel"]
[TimeControl "40/5400+30:1800+30"]

1. e4 {[%emt 0:00:39]} c5 {[%emt 0:01:11]} 2. Nf3 {[%emt 0:00:54]} d6 {[%emt 0:00:26]} 3. d4 {[%emt 0:00:06]} cxd4 {[%emt 0:00:04]} 4. Nxd4 {[%emt 0:00:05]} Nf6 {[%emt 0:00:07]} 5. Nc3 {[%emt 0:00:05]} Nc6 {[%emt 0:00:07]} 6. f3 {[%emt 0:00:20]} e5 {[%emt 0:04:04]} 7. Nb3 {[%emt 0:01:24]} Be6 {[%emt 0:04:08]} 8. Be3 {[%emt 0:00:15]} Be7 {[%emt 0:09:14]} 9. Qd2 {[%emt 0:00:46]} d5 {[%emt 0:02:08]} 10. exd5 {[%emt 0:01:03]} Nxd5 {[%emt 0:01:18]} 11. Nxd5 {[%emt 0:00:09]} Qxd5 {[%emt 0:08:38]} 12. Qxd5 {[%emt 0:00:26]} Bxd5 {[%emt 0:00:06]} 13. O-O-O {[%emt 0:00:09]} Be6 {[%emt 0:03:05]} 14. Nc5 {[%emt 0:00:20]} Bxc5 {[%emt 0:00:30]} 15. Bxc5 {[%emt 0:00:06]} f6 {[%emt 0:00:32]} 16. Bb5 {[%emt 0:00:58]} Kf7 {[%emt 0:01:00]} 17. Rd6 {[%emt 0:00:58]} Rad8 {[%emt 0:21:59]} 18. Rhd1 {[%emt 0:02:34]} Rxd6 {[%emt 0:01:02]} 19. Rxd6 {[%emt 0:00:33]} Rc8 {[%emt 0:07:39]} 20. Bxc6 {[%emt 0:02:32]} Rxc6 {[%emt 0:00:30]} 21. Rxc6 {[%emt 0:00:14]} bxc6 {[%emt 0:00:08]} 22. Bxa7 {[%emt 0:00:05]} Bc4 {[%emt 0:00:53]} 23. Kd2 {[%emt 0:01:56]} Bf1 {[%emt 0:00:07]} 24. g3 {[%emt 0:00:06]} Ke6 {[%emt 0:00:56]} 25. b3 {[%emt 0:00:54]} f5 {[%emt 0:01:18]} 26. a4 {[%emt 0:03:02]} Ba6 {[%emt 0:01:47]} 27. c4 {[%emt 0:00:53]} g5 {[%emt 0:01:20]} 28. Kc3 {[%emt 0:01:08]} h5 {[%emt 0:03:35]} 29. b4 {[%emt 0:00:23]} f4 {[%emt 0:01:13]} 30. gxf4 {[%emt 0:02:54]} exf4 {[%emt 0:03:24]} 31. Bb8 {[%emt 0:03:26]} c5 {[%emt 0:01:45]} 32. b5 {[%emt 0:14:25]} Bb7 {[%emt 0:00:06]} 33. h4 {[%emt 0:00:41]} gxh4 {[%emt 0:01:44]} 34. Bxf4 {[%emt 0:04:21]} Bxf3 {[%emt 0:02:39]} 35. Kd3 {[%emt 0:00:39]} Kd7 {[%emt 0:04:48]} 36. Ke3 {[%emt 0:01:01]} Bg2 {[%emt 0:00:50]} 37. a5 {[%emt 0:00:59]} Bf1 {[%emt 0:00:47]} 38. Ke4 {[%emt 0:16:18]} Bxc4 {[%emt 0:02:15]} 39. Be3 {[%emt 0:01:52]} h3 {[%emt 0:00:09]} 40. Kf3 {[%emt 0:00:19]} h4 {[%emt 0:07:47]} 41. Kf2 {[%emt 0:30:28]} Kd6 {[%emt 0:31:08]} 42. Kg1 {[%emt 0:00:46]} Bxb5 {[%emt 0:00:59]} 43. Kh2 {[%emt 0:00:10]} Bf1 {[%emt 0:01:48]} 44. a6 {[%emt 0:00:07]} Bxa6 {normal} 1/2-1/2

[Event "DVM U20 2019"]
[Site "Braunschweig"]
[Date "2019.12.27"]
[Round "2"]
[White "Wegmer, Leon"]
[Black "Brockmeyer, Tobias"]
[Result "1/2-1/2"]
[WhiteElo "1939"]
[BlackElo "1902"]
[Annotator "NA"]
[PlyCount "101"]
[EventDate "2019.12.27"]
[EventType "team-tourn"]
[EventRounds "7"]
[EventCountry "GER"]
[SourceTitle "playchess.com"]
[Source "ChessBase"]
[SourceQuality "1"]
[WhiteTeam "Karlsruher SF"]
[BlackTeam "SK Lehrte 1919"]
[TimeControl "40/5400+30:1800+30"]

1. d4 {[%emt 0:00:00]} Nf6 {[%emt 0:00:00]} 2. Nf3 {[%emt 0:00:00]} g6 {[%emt 0:00:00]} 3. Bf4 {[%emt 0:00:00]} Bg7 {[%emt 0:00:00]} 4. Nc3 {[%emt 0:00:00]} d5 {[%emt 0:00:00]} 5. e3 {[%emt 0:00:18]} O-O {[%emt 0:00:20]} 6. h3 {[%emt 0:00:29]} c5 {[%emt 0:01:12]} 7. Be2 {[%emt 0:01:22]} b6 {[%emt 0:07:33]} 8. O-O {[%emt 0:01:15]} Bb7 {[%emt 0:00:41]} 9. Nb5 {[%emt 0:08:27]} Na6 {[%emt 0:00:41]} 10. c3 {[%emt 0:00:56]} Re8 {[%emt 0:11:17]} 11. Qa4 {[%emt 0:08:27]} Nd7 {[%emt 0:19:57]} 12. Bh2 {[%emt 0:04:03]} Nf8 13. Nd6 {[%emt 0:12:07]} exd6 {[%emt 0:08:17]} 14. Bxa6 {[%emt 0:00:13]} Bxa6 {[%emt 0:01:04]} 15. Qxa6 {[%emt 0:00:04]} Qd7 {[%emt 0:00:49]} 16. a4 {[%emt 0:00:25]} Ne6 {[%emt 0:00:26]} 17. Qd3 {[%emt 0:02:55]} a6 {[%emt 0:01:37]} 18. Rfc1 {[%emt 0:01:31]} Red8 {[%emt 0:02:17]} 19. b4 {[%emt 0:02:27]} c4 {[%emt 0:05:05]} 20. Qe2 {[%emt 0:02:05]} Rf8 {[%emt 0:02:37]} 21. Nd2 {[%emt 0:02:02]} f5 {[%emt 0:03:27]} 22. f4 {[%emt 0:00:28]} Rae8 {[%emt 0:02:35]} 23. Qf3 {[%emt 0:00:12]} Nc7 {[%emt 0:01:00]} 24. Bg3 {[%emt 0:01:44]} Qe6 {[%emt 0:01:00]} 25. Bf2 {[%emt 0:00:05]} Kf7 {[%emt 0:01:46]} 26. Rcb1 {[%emt 0:02:05]} Bf6 {[%emt 0:01:19]} 27. Kh2 {[%emt 0:04:58]} h5 {[%emt 0:05:44]} 28. Ra2 {[%emt 0:02:33]} Rh8 {[%emt 0:00:18]} 29. h4 {[%emt 0:01:24]} Qe7 {[%emt 0:01:56]} 30. g3 {[%emt 0:00:27]} Rb8 {[%emt 0:01:28]} 31. b5 {[%emt 0:02:20]} a5 {[%emt 0:01:36]} 32. Re1 {[%emt 0:00:40]} Qe6 {[%emt 0:01:15]} 33. Raa1 {[%emt 0:00:31]} Rhc8 {[%emt 0:00:53]} 34. Re2 {[%emt 0:01:16]} Ne8 {[%emt 0:00:45]} 35. Rae1 {[%emt 0:00:24]} Rc7 {[%emt 0:01:53]} 36. Bg1 {[%emt 0:02:06]} Bg7 {[%emt 0:01:40]} 37. Qg2 {[%emt 0:00:31]} Nf6 {[%emt 0:01:20]} 38. Nf3 {[%emt 0:01:42]} Bh6 {[%emt 0:01:05]} 39. Ng5+ {[%emt 0:01:55]} Bxg5 {[%emt 0:00:19]} 40. fxg5 {[%emt 0:00:06]} Ng4+ {[%emt 0:01:00]} 41. Kh1 {[%emt 0:30:22]} Re8 {[%emt 0:31:00]} 42. Qf3 {[%emt 0:01:21]} Qe4 {[%emt 0:01:09]} 43. Qxe4 {[%emt 0:00:04]} Rxe4 {[%emt 0:00:18]} 44. Kg2 {[%emt 0:00:04]} Rce7 {[%emt 0:00:09]} 45. Kf3 {[%emt 0:00:25]} Ke6 {[%emt 0:00:32]} 46. Rd1 {[%emt 0:01:21]} Kd7 {[%emt 0:00:39]} 47. Rde1 {[%emt 0:00:04]} Re8 {[%emt 0:00:55]} 48. Rd1 {[%emt 0:00:16]} R8e7 {[%emt 0:00:33]} 49. Rde1 {[%emt 0:00:06]} Re8 {[%emt 0:00:08]} 50. Rd1 {[%emt 0:00:07]} R8e7 {[%emt 0:00:04]} 51. Rde1 {[%emt 0:00:06] normal} 1/2-1/2

[Event "DVM U20 2019"]
[Site "Braunschweig"]
[Date "2019.12.27"]
[Round "2"]
[White "Martin, Richard"]
[Black "Simrock, Manuel"]
[Result "1-0"]
[WhiteElo "1930"]
[BlackElo "1211"]
[Annotator "NA"]
[PlyCount "66"]
[EventDate "2019.12.27"]
[EventType "team-tourn"]
[EventRounds "7"]
[EventCountry "GER"]
[SourceTitle "playchess.com"]
[Source "ChessBase"]
[SourceQuality "1"]
[WhiteTeam "OSG Baden-Baden"]
[BlackTeam "Sges Bensheim"]
[TimeControl "40/5400+30:1800+30"]

1. e4 {[%emt 0:00:00]} e5 {[%emt 0:00:00]} 2. Nf3 {[%emt 0:00:00]} Nc6 3. Nc3 {[%emt 0:00:00]} Nf6 {[%emt 0:00:00]} 4. Bb5 {[%emt 0:00:00]} d6 {[%emt 0:00:00]} 5. d4 {[%emt 0:00:00]} exd4 {[%emt 0:00:10]} 6. Nxd4 {[%emt 0:00:07]} Bd7 {[%emt 0:00:04]} 7. Nxc6 {[%emt 0:01:24]} Bxc6 {[%emt 0:00:31]} 8. Bxc6+ {[%emt 0:00:07]} bxc6 {[%emt 0:00:06]} 9. O-O {[%emt 0:00:13]} Be7 {[%emt 0:00:08]} 10. Qe2 {[%emt 0:01:45]} O-O {[%emt 0:00:37]} 11. Bf4 {[%emt 0:01:33]} Rb8 12. b3 {[%emt 0:03:06]} Re8 {[%emt 0:03:46]} 13. Rad1 {[%emt 0:00:51]} Nd7 {[%emt 0:07:44]} 14. Qc4 {[%emt 0:02:39]} Bg5 15. Bxg5 {[%emt 0:07:43]} Qxg5 {[%emt 0:02:48]} 16. Qxc6 {[%emt 0:03:08]} Ne5 {[%emt 0:00:06]} 17. Qd5 {[%emt 0:00:04]} Nf3+ {[%emt 0:00:11]} 18. Kh1 {[%emt 0:00:04]} Re5 {[%emt 0:00:05]} 19. Qd3 {[%emt 0:00:35]} Nh4 {[%emt 0:00:53]} 20. Qg3 {[%emt 0:00:10]} Qh6 {[%emt 0:00:44]} 21. f4 {[%emt 0:00:44]} Rh5 {[%emt 0:00:34]} 22. Rd5 {[%emt 0:01:27]} f5 23. e5 {[%emt 0:03:30]} dxe5 {[%emt 0:06:16]} 24. Rxe5 {[%emt 0:00:12]} Ng6 {[%emt 0:03:24]} 25. Re6 {[%emt 0:00:12]} Rh4 {[%emt 0:01:52]} 26. h3 {[%emt 0:01:14]} Rxf4 {[%emt 0:07:07]} 27. Rfe1 Qh4 {[%emt 0:34:18]} 28. Qe3 {[%emt 0:02:27]} Qf2 {[%emt 0:03:09]} 29. Re8+ {[%emt 0:00:21]} Rxe8 {[%emt 0:00:05]} 30. Qxe8+ {[%emt 0:00:04]} Nf8 {[%emt 0:00:07]} 31. Nd5 {[%emt 0:01:04]} Re4 {[%emt 0:01:48]} 32. Ne7+ {[%emt 0:00:08]} Rxe7 {[%emt 0:00:05]} 33. Qxe7 {[%emt 0:00:04]} Qxc2 {[%emt 0:00:26] normal} 1-0

[Event "DVM U20 2019"]
[Site "Braunschweig"]
[Date "2019.12.27"]
[Round "2"]
[White "Dornieden, Jonas"]
[Black "Wiesner, Alexander"]
[Result "1/2-1/2"]
[WhiteElo "1912"]
[BlackElo "1960"]
[Annotator "NA"]
[PlyCount "98"]
[EventDate "2019.12.27"]
[EventType "team-tourn"]
[EventRounds "7"]
[EventCountry "GER"]
[SourceTitle "playchess.com"]
[Source "ChessBase"]
[SourceQuality "1"]
[WhiteTeam "SK Lehrte 1919"]
[BlackTeam "Karlsruher SF"]
[TimeControl "40/5400+30:1800+30"]

1. d4 {[%emt 0:00:00]} Nf6 {[%emt 0:00:00]} 2. c4 {[%emt 0:00:00]} c5 {[%emt 0:00:00]} 3. d5 {[%emt 0:00:00]} b5 {[%emt 0:00:00]} 4. cxb5 {[%emt 0:00:00]} a6 {[%emt 0:00:00]} 5. bxa6 {[%emt 0:00:10]} g6 {[%emt 0:00:03]} 6. Nc3 {[%emt 0:00:14]} Bg7 {[%emt 0:00:18]} 7. e4 {[%emt 0:02:12]} O-O {[%emt 0:01:51]} 8. Nf3 {[%emt 0:08:08]} Qa5 {[%emt 0:04:44]} 9. Nd2 {[%emt 0:11:04]} Bxa6 {[%emt 0:05:37]} 10. Nb3 {[%emt 0:00:30]} Qb6 {[%emt 0:00:30]} 11. Bxa6 {[%emt 0:00:30]} Nxa6 12. O-O d6 {[%emt 0:31:27]} 13. Re1 {[%emt 0:18:29]} Nd7 14. Be3 {[%emt 0:12:51]} Ne5 {[%emt 0:07:59]} 15. Qe2 {[%emt 0:03:08]} Qb4 {[%emt 0:06:50]} 16. Nc1 {[%emt 0:07:02]} Rfb8 {[%emt 0:16:27]} 17. f4 {[%emt 0:07:13]} Nc4 {[%emt 0:01:59]} 18. Nd3 {[%emt 0:01:44]} Qa5 {[%emt 0:00:22]} 19. Bd2 {[%emt 0:12:43]} Nxb2 {[%emt 0:10:10]} 20. Nd1 {[%emt 0:04:40]} Qa3 {[%emt 0:00:10]} 21. N1xb2 {[%emt 0:02:26]} Bxb2 {[%emt 0:00:08]} 22. Nxb2 {[%emt 0:00:40]} Rxb2 {[%emt 0:02:57]} 23. Bc1 {[%emt 0:05:36]} Rxe2 {[%emt 0:00:09]} 24. Bxa3 {[%emt 0:00:03]} Rxe1+ {[%emt 0:00:10]} 25. Rxe1 {[%emt 0:00:05]} Nc7 {[%emt 0:00:10]} 26. Re3 {[%emt 0:00:50]} Nb5 {[%emt 0:00:13]} 27. Bb2 {[%emt 0:00:07]} Rxa2 {[%emt 0:01:02]} 28. Rb3 {[%emt 0:00:59]} Nd4 {[%emt 0:06:45]} 29. Bxd4 {[%emt 0:00:45]} cxd4 {[%emt 0:00:04]} 30. Rd3 {[%emt 0:00:26]} Ra4 {[%emt 0:00:06]} 31. Kf2 {[%emt 0:01:21]} e5 {[%emt 0:03:04]} 32. dxe6 {[%emt 0:00:33]} fxe6 {[%emt 0:00:08]} 33. e5 {[%emt 0:00:17]} dxe5 {[%emt 0:00:52]} 34. fxe5 {[%emt 0:00:05]} Ra5 {[%emt 0:00:14]} 35. Rxd4 {[%emt 0:00:17]} Rxe5 {[%emt 0:00:08]} 36. Rd8+ {[%emt 0:00:41]} Kg7 {[%emt 0:00:24]} 37. Rd7+ {[%emt 0:00:09]} Kh6 {[%emt 0:01:25]} 38. h4 {[%emt 0:00:48]} g5 {[%emt 0:00:13]} 39. hxg5+ {[%emt 0:00:25]} Rxg5 {[%emt 0:00:08]} 40. Re7 {[%emt 0:00:19]} Re5 {[%emt 0:01:58]} 41. g4 {[%emt 0:30:55]} Kg6 {[%emt 0:05:15]} 42. Kf3 {[%emt 0:00:00]} h6 {[%emt 0:01:07]} 43. Kf2 {[%emt 0:00:00]} Re4 {[%emt 0:01:48]} 44. Kf3 {[%emt 0:00:00]} Re1 {[%emt 0:02:54]} 45. Kf2 {[%emt 0:00:00]} Re5 {[%emt 0:07:19]} 46. Kf3 {[%emt 0:00:00]} Re1 {[%emt 0:02:00]} 47. Kf2 {[%emt 0:00:00]} Re4 {[%emt 0:00:05]} 48. Kf3 {[%emt 0:00:00]} Re5 {[%emt 0:00:06]} 49. Kf2 {[%emt 0:00:00]} Kg5 {[%emt 0:03:44] normal} 1/2-1/2

[Event "DVM U20 2019"]
[Site "Braunschweig"]
[Date "2019.12.27"]
[Round "2"]
[White "Waffenschmidt, Lars"]
[Black "Rauch, Sören"]
[Result "1/2-1/2"]
[WhiteElo "1885"]
[BlackElo "1901"]
[Annotator "NA"]
[PlyCount "80"]
[EventDate "2019.12.27"]
[EventType "team-tourn"]
[EventRounds "7"]
[EventCountry "GER"]
[SourceTitle "playchess.com"]
[Source "ChessBase"]
[SourceQuality "1"]
[WhiteTeam "SK Bebenhausen"]
[BlackTeam "SG Trier"]
[TimeControl "40/5400+30:1800+30"]

1. e4 {[%emt 0:00:00]} e6 {[%emt 0:00:00]} 2. d4 {[%emt 0:00:00]} d5 {[%emt 0:00:00]} 3. Nd2 {[%emt 0:00:00]} Nf6 {[%emt 0:00:00]} 4. e5 {[%emt 0:00:23]} Nfd7 {[%emt 0:00:00]} 5. Bd3 {[%emt 0:00:13]} c5 {[%emt 0:00:04]} 6. c3 {[%emt 0:00:06]} Nc6 {[%emt 0:00:03]} 7. Ne2 {[%emt 0:00:18]} cxd4 {[%emt 0:00:18]} 8. cxd4 {[%emt 0:00:18]} f6 {[%emt 0:00:06]} 9. exf6 {[%emt 0:00:29]} Nxf6 {[%emt 0:00:06]} 10. Nf3 {[%emt 0:00:27]} Bd6 {[%emt 0:00:20]} 11. O-O {[%emt 0:00:13]} O-O {[%emt 0:01:36]} 12. Bf4 {[%emt 0:00:52]} Ng4 {[%emt 0:08:13]} 13. Bxd6 {[%emt 0:15:47]} Qxd6 {[%emt 0:00:32]} 14. Ng3 {[%emt 0:00:49]} e5 {[%emt 0:03:18]} 15. dxe5 {[%emt 0:01:21]} Ncxe5 {[%emt 0:00:53]} 16. Nxe5 {[%emt 0:02:09]} Qxe5 {[%emt 0:01:50]} 17. Qb3 {[%emt 0:05:19]} Kh8 {[%emt 0:03:40]} 18. Qb4 {[%emt 0:04:47]} Be6 {[%emt 0:02:43]} 19. Rae1 {[%emt 0:03:50]} Qf6 {[%emt 0:04:04]} 20. Bb1 {[%emt 0:29:28]} Rae8 {[%emt 0:04:46]} 21. Qd2 {[%emt 0:05:38]} a6 {[%emt 0:13:56]} 22. h3 {[%emt 0:01:30]} Nh6 {[%emt 0:02:27]} 23. Qb4 {[%emt 0:02:52]} Bd7 {[%emt 0:03:02]} 24. Rxe8 {[%emt 0:05:21]} Bxe8 {[%emt 0:00:18]} 25. Bd3 {[%emt 0:00:59]} Bc6 {[%emt 0:00:09]} 26. Ne2 {[%emt 0:02:34]} Nf5 {[%emt 0:05:12]} 27. Bxf5 {[%emt 0:01:26]} Qxf5 {[%emt 0:00:03]} 28. Nd4 {[%emt 0:00:21]} Qf6 {[%emt 0:00:10]} 29. Nxc6 {[%emt 0:01:01]} bxc6 {[%emt 0:00:02]} 30. Qb6 {[%emt 0:01:09]} Rd8 {[%emt 0:05:03]} 31. Qxa6 {[%emt 0:08:58]} Qxb2 {[%emt 0:00:19]} 32. a4 {[%emt 0:03:43]} c5 {[%emt 0:02:06]} 33. Qa5 {[%emt 0:02:12]} Rc8 {[%emt 0:00:48]} 34. Rd1 {[%emt 0:01:41]} d4 {[%emt 0:04:32]} 35. Qa6 {[%emt 0:00:29]} Rf8 {[%emt 0:01:07]} 36. Rf1 {[%emt 0:00:28]} Qc3 {[%emt 0:01:07]} 37. Qd6 {[%emt 0:00:35]} Re8 {[%emt 0:02:23]} 38. Qd7 {[%emt 0:00:36]} Rf8 {[%emt 0:00:25]} 39. Qd6 {[%emt 0:00:15]} Re8 {[%emt 0:00:16] normal} 40. Qd7 Rf8 {normal} 1/2-1/2

[Event "DVM U20 2019"]
[Site "Braunschweig"]
[Date "2019.12.27"]
[Round "2"]
[White "Schamschurko, André"]
[Black "Tiedemann, Fin Niklas"]
[Result "1/2-1/2"]
[WhiteElo "1868"]
[BlackElo "1936"]
[Annotator "NA"]
[PlyCount "83"]
[EventDate "2019.12.27"]
[EventType "team-tourn"]
[EventRounds "7"]
[EventCountry "GER"]
[SourceTitle "playchess.com"]
[Source "ChessBase"]
[SourceQuality "1"]
[WhiteTeam "USV TU Dresden"]
[BlackTeam "Lübecker SV"]
[TimeControl "40/5400+30:1800+30"]

1. e4 {[%emt 0:00:00]} e5 {[%emt 0:00:00]} 2. Nf3 {[%emt 0:00:00]} Nc6 {[%emt 0:00:00]} 3. Bc4 {[%emt 0:00:00]} Bc5 {[%emt 0:00:00]} 4. c3 {[%emt 0:00:00]} Nf6 {[%emt 0:00:00]} 5. d3 {[%emt 0:00:00]} d6 {[%emt 0:00:35]} 6. Bb3 {[%emt 0:00:07]} O-O {[%emt 0:00:50]} 7. Bg5 {[%emt 0:00:06]} h6 {[%emt 0:00:32]} 8. Bh4 {[%emt 0:00:05]} Qe7 {[%emt 0:02:49]} 9. Nbd2 {[%emt 0:00:36]} a6 {[%emt 0:02:42]} 10. Nf1 {[%emt 0:01:45]} Be6 {[%emt 0:07:04]} 11. Bc2 {[%emt 0:01:41]} Rad8 {[%emt 0:04:20]} 12. Ne3 {[%emt 0:03:47]} g5 {[%emt 0:03:17]} 13. Bg3 {[%emt 0:00:52]} Ng4 {[%emt 0:04:23]} 14. Qe2 {[%emt 0:04:07]} Nxe3 {[%emt 0:05:44]} 15. fxe3 {[%emt 0:00:11]} Bg4 16. O-O-O {[%emt 0:04:16]} Kg7 {[%emt 0:02:51]} 17. h3 {[%emt 0:02:36]} Bh5 {[%emt 0:00:11]} 18. h4 {[%emt 0:00:25]} Bg4 {[%emt 0:06:41]} 19. Rdf1 f6 {[%emt 0:02:09]} 20. d4 {[%emt 0:06:17]} Bb6 21. Qd2 {[%emt 0:06:06]} Rh8 {[%emt 0:05:33]} 22. Be1 {[%emt 0:02:52]} Bc8 {[%emt 0:04:05]} 23. Ng1 {[%emt 0:05:54]} Qf7 {[%emt 0:03:06]} 24. Bb1 {[%emt 0:01:34]} Ne7 {[%emt 0:06:06]} 25. Ne2 {[%emt 0:02:22]} c6 {[%emt 0:00:50]} 26. Ng3 {[%emt 0:00:50]} Be6 {[%emt 0:01:40]} 27. Qd1 {[%emt 0:01:00]} Ng8 {[%emt 0:09:40]} 28. Qf3 {[%emt 0:05:18]} g4 {[%emt 0:01:09]} 29. Nf5+ {[%emt 0:01:22]} Bxf5 {[%emt 0:00:20]} 30. Qxf5 {[%emt 0:00:10]} h5 {[%emt 0:00:42]} 31. Bg3 {[%emt 0:06:31]} Ne7 {[%emt 0:02:42]} 32. Qf2 {[%emt 0:00:46]} Ng6 {[%emt 0:02:24]} 33. Qe2 {[%emt 0:02:05]} Qe7 {[%emt 0:03:00]} 34. Rf5 {[%emt 0:09:40]} Rdf8 {[%emt 0:02:52]} 35. Rd1 {[%emt 0:06:56]} Rd8 {[%emt 0:03:53]} 36. Bc2 {[%emt 0:06:20]} Rh6 {[%emt 0:04:23]} 37. Bb3 {[%emt 0:02:30]} Ba7 {[%emt 0:04:18]} 38. Qc4 {[%emt 0:04:21]} d5 {[%emt 0:04:17]} 39. exd5 {[%emt 0:05:15]} cxd5 {[%emt 0:00:09]} 40. Qd3 {[%emt 0:01:27]} e4 {[%emt 0:00:58]} 41. Qf1 {[%emt 0:38:04]} Qe6 {[%emt 0:30:41]} 42. Rf2 {[%emt 0:00:00] normal} 1/2-1/2